[Event "RUS-Cup03"]
[Site "Tomsk"]
[Date "2002.07.16"]
[Round "9"]
[White "Pres, Grigorij"]
[Black "Lavrov, S."]
[Result "1/2-1/2"]
[WhiteElo "2315"]
[BlackElo "2420"]
[PlyCount "138"]
[EventDate "2002.07.08"]
[EventType "swiss"]
[EventRounds "9"]
[EventCountry "RUS"]
[SourceTitle "CBM 089 Extra"]
[Source "ChessBase"]
[SourceDate "2002.09.10"]
[SourceVersion "2"]
[SourceVersionDate "2002.09.10"]
[SourceQuality "1"]

1. d4 Nf6 2. c4 c5 3. d5 e5 4. Nc3 d6 5. e4 a6 6. Bd3 Nbd7 7. a4 b6 8. Nge2 Be7 9. f3 0-0 10. Be3 Nh5 11. g4 Bh4+ 12. Kd2 Nhf6 13. Kc2 Ne8 14. Qd2 g6 15. Rhg1 Ng7 16. Ng3 Kh8 17. Rg2 Nf6 18. Nf1 Ng8 19. Bf2 f5 20. h3 Ra7 21. Qe1 Bxf2 22. Qxf2 Raf7 23. Nd2 fxe4 24. Ncxe4 Rf4 25. Qg3 Ne8 26. h4 h6 27. Nc3 Kg7 28. Ne2 R4f7 29. Qe1 Nc7 30. h5 g5 31. Bg6 Rf6 32. Nc3 Ne7 33. Be4 Bd7 34. Qe2 Qe8 35. Rgg1 Qb8 36. b3 Ne8 37. Bd3 Rf4 38. Qe3 Nc7 39. Be4 b5 40. axb5 axb5 41. Ra2 Ng8 42. Ne2 R4f7 43. Qc3 Nf6 44. Ng3 Qb6 45. Rga1 Rb8 46. Qd3 Bc8 47. Nf5+ Bxf5 48. Bxf5 Re7 49. Be4 Ree8 50. Nf1 Ra8 51. Rxa8 Rxa8 52. Rxa8 Nxa8 53. Ne3 bxc4 54. Qxc4 Nc7 55. Nf5+ Kf8 56. Qa4 c4 57. Qxc4 Nb5 58. Kd1 Qg1+ 59. Kd2 Qf2+ 60. Qe2 Qc5 61. Qe3 Qb4+ 62. Kc2 Qa5 63. Qd3 Qa2+ 64. Kd1 Qa1+ 65. Kd2 Qa5+ 66. Kc1 Qa1+ 67. Kd2 Qa5+ 68. Kc1 Qa1+ 69. Kd2 Qa5+ 1/2-1/2

[Event "RUS-Cup03"]
[Site "Tomsk"]
[Date "2002.07.13"]
[Round "6"]
[White "Skatchkov, Pavel"]
[Black "Pres, Grigorij"]
[Result "1/2-1/2"]
[WhiteElo "2485"]
[BlackElo "2315"]
[PlyCount "51"]
[EventDate "2002.07.08"]
[EventType "swiss"]
[EventRounds "9"]
[EventCountry "RUS"]
[SourceTitle "CBM 089 Extra"]
[Source "ChessBase"]
[SourceDate "2002.09.10"]
[SourceVersion "2"]
[SourceVersionDate "2002.09.10"]
[SourceQuality "1"]

1. d4 e6 2. Nf3 f5 3. g3 Nf6 4. Bg2 Be7 5. 0-0 0-0 6. c4 d5 7. Nc3 c6 8. Qc2 Bd7 9. Bf4 Be8 10. cxd5 cxd5 11. Qb3 Qb6 12. Rfc1 Na6 13. Bf1 Ne4 14. Nxe4 fxe4 15. Qxb6 axb6 16. Ng5 Bd7 17. a3 h6 18. Nh3 Rfc8 19. Be5 Bf6 20. Bxf6 gxf6 21. Nf4 Kf7 22. e3 Ke7 23. f3 exf3 24. Kf2 Nc7 25. Kxf3 Ne8 26. Bd3 1/2-1/2

[Event "RUS-Cup03"]
[Site "Tomsk"]
[Date "2002.07.09"]
[Round "2"]
[White "Pridorozhni, Aleksei"]
[Black "Pres, Grigorij"]
[Result "1-0"]
[WhiteElo "2453"]
[BlackElo "2315"]
[PlyCount "77"]
[EventDate "2002.07.08"]
[EventType "swiss"]
[EventRounds "9"]
[EventCountry "RUS"]
[SourceTitle "CBM 089 Extra"]
[Source "ChessBase"]
[SourceDate "2002.09.10"]
[SourceVersion "2"]
[SourceVersionDate "2002.09.10"]
[SourceQuality "1"]

1. e4 e6 2. d4 d5 3. Nd2 c5 4. exd5 exd5 5. Ngf3 Nf6 6. Qe2+ Be7 7. Qb5+ Nc6 8. dxc5 0-0 9. Nb3 a5 10. Bf4 a4 11. Nbd4 Ra5 12. Nxc6 bxc6 13. Qxc6 Bd7 14. Qc7 Qa8 15. Bd3 Bd8 16. Qb8 Re8+ 17. Kf1 Qc6 18. Ne5 Qxc5 19. Nxd7 Nxd7 20. Qd6 Qxd6 21. Bxd6 Bf6 22. Rb1 Nc5 23. Bxc5 Rxc5 24. b4 Rc3 25. g3 Ra3 26. Kg2 Rxa2 27. Rhd1 Rb2 28. Rxb2 Bxb2 29. Bb5 Rb8 30. Bxa4 d4 31. b5 Kf8 32. Rb1 Ba3 33. b6 Ke7 34. Bc6 Kd6 35. Bf3 Kc5 36. b7 Kc4 37. Rb6 Be7 38. Rc6+ Kb4 39. Rc7 1-0

[Event "Voronezh op-A"]
[Site "Voronezh"]
[Date "2000.??.??"]
[Round "8"]
[White "Kondenko, Alexey"]
[Black "Pres, Grigorij"]
[Result "0-1"]
[WhiteElo "2286"]
[BlackElo "2356"]
[PlyCount "80"]
[EventDate "2000.06.??"]
[EventType "swiss"]
[EventRounds "9"]
[EventCountry "RUS"]
[SourceTitle "EXT 2001"]
[Source "ChessBase"]
[SourceDate "2000.11.22"]
[SourceVersion "1"]
[SourceVersionDate "2000.11.22"]
[SourceQuality "1"]

1. d4 e6 2. e4 c5 3. Nf3 cxd4 4. Nxd4 Nf6 5. Nc3 d6 6. g4 Nc6 7. g5 Nd7 8. Be3 a6 9. h4 Qc7 10. h5 Nb6 11. Nxc6 bxc6 12. Qf3 c5 13. 0-0-0 Bb7 14. Rh4 Be7 15. Qg3 0-0-0 16. h6 g6 17. a4 Rhf8 18. Kb1 Kb8 19. f3 Ka8 20. Rh2 Qc6 21. a5 Na4 22. Nxa4 Qxa4 23. Qe1 f6 24. b3 Qc6 25. Qg3 d5 26. exd5 exd5 27. Bf4 c4 28. Re2 fxg5 29. Bxg5 Bd6 30. Qe1 Rc8 31. Bh3 Rc7 32. Qc3 Qb5 33. Re6 cxb3 34. Qxb3 Qc6 35. f4 Rb8 36. Ka1 Qc5 37. Rxd6 Qxd6 38. Bg2 d4 39. Bxb7+ Rbxb7 40. Qg8+ Rb8 0-1

[Event "RUS-Cup"]
[Site "Bor"]
[Date "2000.??.??"]
[Round "4"]
[White "Pres, Grigorij"]
[Black "Balashov, Yuri S"]
[Result "0-1"]
[WhiteElo "2356"]
[BlackElo "2534"]
[PlyCount "46"]
[EventDate "2000.06.??"]
[EventType "swiss"]
[EventRounds "9"]
[EventCountry "RUS"]
[SourceTitle "EXT 2001"]
[Source "ChessBase"]
[SourceDate "2000.11.22"]
[SourceVersion "1"]
[SourceVersionDate "2000.11.22"]
[SourceQuality "1"]

1. d4 Nf6 2. c4 e6 3. Nc3 Bb4 4. e3 0-0 5. Nge2 d5 6. a3 Be7 7. cxd5 Nxd5 8. Nxd5 exd5 9. Nf4 c6 10. Bd3 Nd7 11. 0-0 Re8 12. Bd2 Bd6 13. Qf3 Nf6 14. h3 Ne4 15. Rad1 Qf6 16. Bc1 Bd7 17. Rfe1 Rad8 18. Be2 Ng5 19. Qg3 Qh6 20. h4 Ne4 21. Qh2 g5 22. f3 gxf4 23. fxe4 f3 0-1

[Event "RUS-Cup"]
[Site "Bor"]
[Date "2000.??.??"]
[Round "9"]
[White "Pres, Grigorij"]
[Black "Krasilnikov, Evgeny"]
[Result "1/2-1/2"]
[WhiteElo "2356"]
[BlackElo "2130"]
[PlyCount "44"]
[EventDate "2000.06.??"]
[EventType "swiss"]
[EventRounds "9"]
[EventCountry "RUS"]
[SourceTitle "EXT 2001"]
[Source "ChessBase"]
[SourceDate "2000.11.22"]
[SourceVersion "1"]
[SourceVersionDate "2000.11.22"]
[SourceQuality "1"]

1. d4 Nf6 2. c4 g6 3. Nc3 Bg7 4. e4 d6 5. Be2 0-0 6. Bg5 c5 7. d5 h6 8. Be3 e6 9. f3 exd5 10. cxd5 a6 11. a4 Qa5 12. Qd2 Kh7 13. Ra3 Nbd7 14. Nh3 Ne5 15. Nf2 Bd7 16. 0-0 Qb4 17. Qc1 Qa5 18. f4 Neg4 19. Nxg4 Bxg4 20. f5 gxf5 21. h3 Bh5 22. exf5 Rfe8 1/2-1/2

[Event "MK Cafe Cup-B"]
[Site "Koszalin"]
[Date "1999.08.12"]
[Round "9"]
[White "Heberla, Bartlomiej"]
[Black "Pres, Grigorij"]
[Result "1-0"]
[WhiteElo "2223"]
[BlackElo "2371"]
[PlyCount "87"]
[EventDate "1999.08.03"]
[EventType "swiss"]
[EventRounds "10"]
[EventCountry "POL"]
[SourceTitle "EXT 2000"]
[Source "ChessBase"]
[SourceDate "1999.11.16"]
[SourceVersion "1"]
[SourceVersionDate "1999.11.16"]
[SourceQuality "1"]

1. d4 Nf6 2. Nc3 d5 3. Bg5 Nbd7 4. f3 h6 5. Bf4 g5 6. Bg3 c6 7. e4 e6 8. Qd2 Bb4 9. a3 Qa5 10. e5 Nh5 11. Bf2 Be7 12. h4 Rg8 13. Nge2 Ng7 14. hxg5 hxg5 15. Ng3 Nf8 16. Bd3 Bd7 17. Nd1 Qb6 18. c3 0-0-0 19. Ne3 Ng6 20. Bxg6 fxg6 21. Rh7 Rde8 22. 0-0-0 Nf5 23. Ng4 Qd8 24. Nh6 Nxh6 25. Rxh6 Ref8 26. Be3 Be8 27. Rdh1 Rg7 28. Nf1 Rgf7 29. Nh2 b6 30. Ng4 Kb7 31. Rh7 b5 32. Rxf7 Rxf7 33. Rh8 Rf8 34. Rxf8 Bxf8 35. Bxg5 Qa5 36. Nf6 Qd8 37. Nh7 Be7 38. Qf4 Kc7 39. Bxe7 Qxe7 40. Ng5 Bd7 41. Qf6 Qe8 42. Qf7 Qh8 43. Nxe6+ Kc8 44. Qf8+ 1-0

[Event "MK Cafe Cup-B"]
[Site "Koszalin"]
[Date "1999.08.05"]
[Round "3"]
[White "Sakalauskas, Vaidas"]
[Black "Pres, Grigorij"]
[Result "0-1"]
[WhiteElo "2450"]
[BlackElo "2371"]
[PlyCount "125"]
[EventDate "1999.08.03"]
[EventType "swiss"]
[EventRounds "10"]
[EventCountry "POL"]
[SourceTitle "EXT 2000"]
[Source "ChessBase"]
[SourceDate "1999.11.16"]
[SourceVersion "1"]
[SourceVersionDate "1999.11.16"]
[SourceQuality "1"]

1. d4 e6 2. c4 f5 3. Nf3 Nf6 4. Nc3 Bb4 5. Qc2 0-0 6. a3 Bxc3+ 7. Qxc3 b6 8. e3 Bb7 9. Be2 d6 10. b4 a5 11. Bb2 axb4 12. axb4 Rxa1+ 13. Bxa1 Nbd7 14. 0-0 Qe7 15. Bb2 Ra8 16. Rc1 Ne4 17. Qb3 Ndf6 18. Ne1 Ng4 19. Bxg4 fxg4 20. f3 gxf3 21. Nxf3 Rf8 22. Rc2 Ng5 23. Nxg5 Qxg5 24. Qd3 Qh4 25. Qe2 Be4 26. Rc1 Qg5 27. Rf1 Rxf1+ 28. Kxf1 Qf5+ 29. Qf2 Bd3+ 30. Kg1 Bxc4 31. Qxf5 exf5 32. Kf2 Bd5 33. g3 Kf7 34. Ke2 Kg6 35. Bc3 Bc4+ 36. Kf3 Bd3 37. g4 d5 38. gxf5+ Kxf5 39. Be1 Be4+ 40. Ke2 Kg4 41. Bg3 c6 42. Kf2 g5 43. Bc7 Kh3 44. Kg1 Kg4 45. Kf2 b5 46. Bd6 Bc2 47. Be5 Kf5 48. Bd6 h5 49. Be7 h4 50. Bd8 Kg4 51. Be7 Kh5 52. Bd8 g4 53. Be7 g3+ 54. hxg3 h3 55. Kg1 Kg4 56. Kh2 Bf5 57. Bd6 Kf3 58. Bf4 Bg4 59. Bg5 Ke4 60. Bh6 Kd3 61. Bg5 c5 62. dxc5 Kc3 63. Bh6 0-1

[Event "MK Cafe Cup-B"]
[Site "Koszalin"]
[Date "1999.08.04"]
[Round "2"]
[White "Pres, Grigorij"]
[Black "Cherkasova, Marina"]
[Result "1-0"]
[WhiteElo "2371"]
[BlackElo "2015"]
[PlyCount "81"]
[EventDate "1999.08.03"]
[EventType "swiss"]
[EventRounds "10"]
[EventCountry "POL"]
[SourceTitle "EXT 2000"]
[Source "ChessBase"]
[SourceDate "1999.11.16"]
[SourceVersion "1"]
[SourceVersionDate "1999.11.16"]
[SourceQuality "1"]

1. d4 Nf6 2. c4 g6 3. Nc3 Bg7 4. e4 d6 5. Be2 0-0 6. Bg5 c5 7. d5 e6 8. Nf3 exd5 9. exd5 Bg4 10. 0-0 h6 11. Bf4 a6 12. a4 Qc7 13. Qd2 Kh7 14. h3 Bxf3 15. Bxf3 Nbd7 16. g4 Rfe8 17. Rfe1 Rad8 18. Bg3 Ne5 19. Be2 Re7 20. f4 Ned7 21. Bd3 Rde8 22. Rxe7 Rxe7 23. Re1 Qd8 24. Kg2 Ng8 25. Rxe7 Nxe7 26. Qe2 Nf6 27. Be1 Qd7 28. Bc2 Qe8 29. a5 Kh8 30. Kf3 g5 31. Ne4 Ng6 32. Nxd6 Qxe2+ 33. Kxe2 Nxf4+ 34. Kf3 Kg8 35. Nxb7 Nd7 36. b4 Ne5+ 37. Ke4 cxb4 38. c5 Nd7 39. d6 Ne6 40. Bxb4 Nf6+ 41. Kd3 1-0

[Event "RUS-Cup03 Geller Memorial"]
[Site "Moscow"]
[Date "1999.02.10"]
[Round "1"]
[White "Lastin, Alexander"]
[Black "Pres, Grigorij"]
[Result "1/2-1/2"]
[WhiteElo "2558"]
[BlackElo "2352"]
[PlyCount "142"]
[EventDate "1999.02.10"]
[EventType "swiss"]
[EventRounds "9"]
[EventCountry "RUS"]
[SourceTitle "CBM 070"]
[Source "ChessBase"]
[SourceDate "1999.06.08"]
[SourceVersion "1"]
[SourceVersionDate "1999.06.08"]
[SourceQuality "1"]

1. e4 c5 2. Nf3 d6 3. d4 cxd4 4. Nxd4 Nf6 5. Nc3 Nc6 6. f3 e5 7. Nb3 Be6 8. Nd5 Be7 9. Be3 0-0 10. Be2 Qd7 11. Qd2 Bd8 12. Nxf6+ Bxf6 13. 0-0 Rfd8 14. Rfd1 Qe7 15. c4 Rd7 16. Bf1 h6 17. g3 Re8 18. h4 Kh7 19. Qf2 b6 20. Rd2 g6 21. Rad1 Bg7 22. h5 Rf8 23. Qh2 g5 24. g4 Rc8 25. Qf2 Nd8 26. Nc1 Bxc4 27. Bxc4 Rxc4 28. Ne2 Bf8 29. Nc3 Ne6 30. Nd5 Qd8 31. Qe2 Rc8 32. Rc2 Rxc2 33. Qxc2 Nc7 34. Nb4 Ne6 35. Qa4 Bg7 36. Nc6 Qc7 37. b4 Nd4 38. Bxd4 exd4 39. Qc2 Kh8 40. b5 d5 41. e5 Bxe5 42. Qf5 Bg7 43. Kg2 Qd6 44. Re1 Bf6 45. f4 Kg7 46. fxg5 Bxg5 47. Nxd4 Rd8 48. Qf3 Qf6 49. Nf5+ Kg8 50. Qd3 Qb2+ 51. Re2 Qb4 52. Qg3 Qf4 53. Ne7+ Kg7 54. Nf5+ Kf8 55. Qxf4 Bxf4 56. Kf3 Bg5 57. Nd4 Rc8 58. Nc6 a6 59. a4 axb5 60. axb5 Ra8 61. Re5 Ra3+ 62. Ke2 Rg3 63. Rxd5 Rxg4 64. Ne5 Re4+ 65. Kf3 Re3+ 66. Kg4 Ke7 67. Kf5 Rb3 68. Rd7+ Ke8 69. Rxf7 Rxb5 70. Rh7 Kd8 71. Ke6 Kc8 1/2-1/2

[Event "RUS-Cup"]
[Site "Nizhnij Novgorod"]
[Date "1999.??.??"]
[Round "5"]
[White "Pres, Grigorij"]
[Black "Korolev, Anton"]
[Result "1-0"]
[WhiteElo "2352"]
[BlackElo "2130"]
[PlyCount "89"]
[EventDate "1999.??.??"]
[EventType "swiss"]
[EventRounds "9"]
[EventCountry "RUS"]
[SourceTitle "EXT 2001"]
[Source "ChessBase"]
[SourceDate "2000.11.22"]
[SourceVersion "1"]
[SourceVersionDate "2000.11.22"]
[SourceQuality "1"]

1. d4 d5 2. c4 e6 3. Nc3 Nf6 4. Bg5 Be7 5. e3 0-0 6. cxd5 exd5 7. Bd3 h6 8. Bh4 Nc6 9. Nge2 Re8 10. 0-0 Ne4 11. Bxe7 Rxe7 12. Nf4 Nf6 13. Qb3 Na5 14. Qc2 c6 15. Rad1 b6 16. Rfe1 Bb7 17. b4 Nc4 18. e4 Na3 19. Qb3 dxe4 20. Nxe4 Nxe4 21. Bxe4 Nb5 22. d5 cxd5 23. Nxd5 Re8 24. Qd3 Nd6 25. Bf3 Qg5 26. g3 Rad8 27. h4 Qf5 28. Rxe8+ Rxe8 29. Qxf5 Nxf5 30. Nf6+ gxf6 31. Bxb7 Re2 32. Bd5 Ne7 33. Bb3 a5 34. Kf1 Re5 35. Rd6 Kg7 36. Rxb6 axb4 37. Rxb4 Nf5 38. Rb7 Ne7 39. a4 Kf8 40. Rb5 Re4 41. a5 Nc8 42. Rb8 Re8 43. Ba4 Rd8 44. a6 Ke7 45. a7 1-0

[Event "RUS-ch sf"]
[Site "Novosibirsk"]
[Date "1998.??.??"]
[Round "?"]
[White "Eismont, Oleg"]
[Black "Pres, Grigorij"]
[Result "1/2-1/2"]
[WhiteElo "2470"]
[BlackElo "2315"]
[PlyCount "31"]
[EventDate "1998.??.??"]
[EventType "swiss"]
[EventRounds "9"]
[EventCountry "RUS"]
[SourceTitle "EXT 2000"]
[Source "ChessBase"]
[SourceDate "1999.11.16"]
[SourceVersion "1"]
[SourceVersionDate "1999.11.16"]
[SourceQuality "1"]

1. e4 c5 2. Nc3 Nc6 3. Nf3 d6 4. d4 cxd4 5. Nxd4 Nf6 6. Be2 e5 7. Nf3 h6 8. 0-0 Be7 9. Re1 0-0 10. h3 Be6 11. Bf1 Qd7 12. Nd5 Bd8 13. c4 Bxd5 14. exd5 Ne7 15. b3 Bb6 16. Be3 1/2-1/2

[Event "RUS-Cup07"]
[Site "Tomsk"]
[Date "1998.??.??"]
[Round "6"]
[White "Pres, Grigorij"]
[Black "Belozerov, Andrei"]
[Result "1/2-1/2"]
[WhiteElo "2330"]
[BlackElo "2455"]
[PlyCount "85"]
[EventDate "1998.07.15"]
[EventType "swiss"]
[EventRounds "9"]
[EventCountry "RUS"]
[SourceTitle "EXT 2000"]
[Source "ChessBase"]
[SourceDate "1999.11.16"]
[SourceVersion "1"]
[SourceVersionDate "1999.11.16"]
[SourceQuality "1"]

1. d4 Nf6 2. c4 e6 3. Nc3 Bb4 4. e3 b6 5. Nge2 Ba6 6. a3 Be7 7. Nf4 d5 8. cxd5 Bxf1 9. Kxf1 Nxd5 10. Ncxd5 exd5 11. Bd2 0-0 12. Rc1 Re8 13. h4 c6 14. Qg4 a5 15. Rh3 Ra7 16. Rg3 Bf8 17. Nh5 Re6 18. Nf4 Re8 19. h5 Qd7 20. Qxd7 Rxd7 21. Nd3 Bd6 22. Rh3 Rc7 23. f3 f5 24. Kf2 Nd7 25. Rhh1 Nf6 26. Rc2 Kf7 27. Rhc1 Rec8 28. b4 a4 29. Ne5+ Bxe5 30. dxe5 Nd7 31. Bc3 Ke6 32. f4 c5 33. Bd4 Rc6 34. Ke2 Nb8 35. bxc5 Na6 36. Kf3 bxc5 37. g4 g6 38. hxg6 hxg6 39. gxf5+ gxf5 40. Rh1 cxd4 41. Rh6+ Kd7 42. Rh7+ Kd8 43. Rh8+ 1/2-1/2

[Event "RUS-ch sf"]
[Site "Novosibirsk"]
[Date "1998.??.??"]
[Round "?"]
[White "Pres, Grigorij"]
[Black "Belozerov, Andrei"]
[Result "1-0"]
[WhiteElo "2315"]
[BlackElo "2460"]
[PlyCount "55"]
[EventDate "1998.??.??"]
[EventType "swiss"]
[EventRounds "9"]
[EventCountry "RUS"]
[SourceTitle "EXT 2000"]
[Source "ChessBase"]
[SourceDate "1999.11.16"]
[SourceVersion "1"]
[SourceVersionDate "1999.11.16"]
[SourceQuality "1"]

1. d4 Nf6 2. c4 g6 3. Nc3 Bg7 4. e4 d6 5. Be2 0-0 6. Bg5 Nbd7 7. Qd2 e5 8. d5 Nc5 9. f3 h6 10. Be3 a5 11. 0-0-0 Kh7 12. g4 Ne8 13. h4 a4 14. Nh3 a3 15. b3 Bd7 16. Nf2 Qb8 17. Nd3 b6 18. Kb1 Qa7 19. Ka1 Rh8 20. Rb1 c6 21. Nb4 cxd5 22. Nbxd5 Nc7 23. h5 g5 24. Nxc7 Qxc7 25. Rhd1 Bc8 26. Nd5 Qd8 27. b4 Na4 28. Rb3 1-0

[Event "RUS-Cup07"]
[Site "Tomsk"]
[Date "1998.??.??"]
[Round "8"]
[White "Pres, Grigorij"]
[Black "Karpatchev, Aleksandr"]
[Result "1-0"]
[WhiteElo "2330"]
[BlackElo "2515"]
[PlyCount "81"]
[EventDate "1998.07.15"]
[EventType "swiss"]
[EventRounds "9"]
[EventCountry "RUS"]
[SourceTitle "EXT 2000"]
[Source "ChessBase"]
[SourceDate "1999.11.16"]
[SourceVersion "1"]
[SourceVersionDate "1999.11.16"]
[SourceQuality "1"]

1. d4 d5 2. c4 dxc4 3. Nf3 Nf6 4. e3 e6 5. Bxc4 a6 6. Bb3 c5 7. 0-0 Nc6 8. Qe2 cxd4 9. Rd1 d3 10. Rxd3 Qc7 11. Nc3 Bc5 12. h3 0-0 13. e4 Nd7 14. Be3 Bxe3 15. Qxe3 Na5 16. Rc1 Nxb3 17. axb3 Qc5 18. Qd2 Qb4 19. Qd1 b5 20. Rd4 Qe7 21. e5 Nb6 22. Rd6 Nd5 23. Nxd5 exd5 24. Rxd5 Be6 25. Rd6 Bf5 26. Qd4 h6 27. Qf4 Rac8 28. Rxc8 Bxc8 29. Nd4 Re8 30. Nc6 Qc7 31. b4 Bb7 32. Na5 Bc8 33. Kh2 Qc2 34. Qd4 Qf5 35. f4 g5 36. Rf6 Qh7 37. Nc6 Be6 38. f5 Bb3 39. Ne7+ Kf8 40. Ng6+ Kg8 41. Qd7 1-0

[Event "RUS-Cup2"]
[Site "Moscow"]
[Date "1996.??.??"]
[Round "8"]
[White "Getmanchuk, Andrei V"]
[Black "Pres, Grigorij"]
[Result "1/2-1/2"]
[WhiteElo "2155"]
[BlackElo "2310"]
[PlyCount "86"]
[EventDate "1996.11.28"]
[EventType "swiss"]
[EventRounds "9"]
[EventCountry "RUS"]
[SourceTitle "CBM 056 Extra"]
[Source "ChessBase"]
[SourceDate "1997.03.01"]
[SourceVersion "1"]
[SourceVersionDate "1997.03.01"]
[SourceQuality "1"]

1. d4 e6 2. Nf3 f5 3. g3 Nf6 4. Bg2 Be7 5. 0-0 0-0 6. c4 d5 7. b3 Bd7 8. Ba3 Nc6 9. Bxe7 Qxe7 10. Ne5 Rad8 11. Nc3 dxc4 12. bxc4 Nxe5 13. dxe5 Ng4 14. Qd4 b6 15. h3 c5 16. Qf4 g5 17. Qc1 Nxe5 18. f4 gxf4 19. Qxf4 Ng6 20. Qe3 Qf6 21. Rad1 Qe5 22. Qf3 Bc8 23. h4 Rd4 24. h5 Ne7 25. Nb5 Rg4 26. Rd3 a6 27. Nd6 Rd4 28. Nxc8 Nxc8 29. Re3 Qd6 30. Qb7 Ne7 31. Qxa6 f4 32. Ref3 Rd1 33. gxf4 Rxf1+ 34. Bxf1 Rxf4 35. Qa8+ Kf7 36. Qe4 Rxf3 37. Qxh7+ Ke8 38. exf3 Qg3+ 39. Bg2 Nf5 40. Qh8+ Ke7 41. Qh7+ Kf6 42. Qh8+ Kf7 43. Qh7+ Kf6 1/2-1/2

[Event "RUS-ch sf"]
[Site "Arkhangelsk"]
[Date "1996.??.??"]
[Round "?"]
[White "Lopushnoy, Denis"]
[Black "Pres, Grigorij"]
[Result "1-0"]
[WhiteElo "2210"]
[BlackElo "2310"]
[PlyCount "91"]
[EventDate "1996.??.??"]
[EventType "swiss"]
[EventRounds "9"]
[EventCountry "RUS"]
[SourceTitle "EXT 2000"]
[Source "ChessBase"]
[SourceDate "1999.11.16"]
[SourceVersion "1"]
[SourceVersionDate "1999.11.16"]
[SourceQuality "1"]

1. d4 e6 2. Nf3 f5 3. d5 Be7 4. g3 Nf6 5. dxe6 dxe6 6. Qxd8+ Bxd8 7. b3 0-0 8. Bb2 Nbd7 9. Nbd2 Re8 10. Nc4 Ne4 11. Bg2 Bf6 12. Bxf6 gxf6 13. Nd4 a6 14. Rd1 Nf8 15. e3 Bd7 16. g4 c5 17. Ne2 Bc6 18. Na5 Rad8 19. Rxd8 Rxd8 20. Nxc6 bxc6 21. Bxe4 fxe4 22. Ng3 c4 23. Nxe4 Kf7 24. Ke2 f5 25. gxf5 exf5 26. Nd2 cxb3 27. axb3 Rd6 28. Ra1 c5 29. Nc4 Rh6 30. Ne5+ Ke7 31. Ra5 Ne6 32. Nd3 Rxh2 33. Nxc5 Ng5 34. Rxa6 h5 35. Rg6 Nh3 36. Nd3 h4 37. Kf3 Rh1 38. Rh6 Rh2 39. Rg6 Rh1 40. b4 Rb1 41. Rh6 Ng1+ 42. Kf4 Nh3+ 43. Kxf5 Kf7 44. c4 Rd1 45. Ne5+ Kg7 46. Rxh4 1-0